000 01872cam a2200409 a 4500
001 87487
003 DO-SdBNP
005 20240206094034.0
007 87487
008 110630s2009 mx a 000 0cspa c
010 _a
020 _a9786071103055
035 _a
040 _aBPMSU
_cspa
_dBPMSU
_d
042 _a
043 _a
050 _a
082 4 _a923.1097291
_bC355C 2009
_2 22
100 1 _aCastro Ruz, Juanita,
_d1933-
245 1 0 _aFidel y Raúl mis hermanos :
_bla historia secreta /
_cJuanita Castro; prólogo Carlos Alberto Montanel
246 1 3 _aMemorias de Juanita Castro contadas a María Antonieta Collins.
250 _a
260 _aMéxico, D.F. :
_bAguilar,
_c2009.
300 _a430 p. ;
_c24 cm.
_b
505 0 _aNuevamente en casa -- Lina y Angela -- Una familia de siete hijos -- Fidel y los años violentos -- La historia comienza -- En camino al Exilio mexicano -- El asalto al cuartel Moncada -- En camino al exilio mexicano -- El secuestro a Fidelito -- Ese personaje llamado "Che" -- La miel del triunfo -- Comienza la guerra -- Una oferta inesperada --Silvando monjitas -- Soy marxista-leninista -- Fin de unos viejos aliados -- Un voleto sin regreso -- La recepción del exilio --!A diós Donna! -- La vox popúli... voz ¿de quién? --Yo también tengo mis reflexiones.
590 _aInventariado, 2024/VM
600 1 4 _aCastro, Fidel,
_d1926-2016
_vBiografías.
600 1 4 _aCastro, Fidel,
_d1926-2016
_xPensamiento político y social
600 1 4 _aCastro, Raúl,
_d1931-
_xVida familiar.
650 4 _aJefes de Estado
_zCuba
_vBiografías
651 4 _aCuba
_xPolítica y gobierno.
_y
651 4 _aCuba
_xHistoria
_y Siglo XX
700 1 _aCollins, María Antonieta.
700 1 _aMontaner, Carlos Alberto
_eprólogo
910 _aVMateo V. Control de calidad. BPMSU
942 _2ddc
_cBK
999 _c11183
_d11183